| 000 | 00578nam a2200157Ia 4500 | ||
|---|---|---|---|
| 008 | 230907s9999||||xx |||||||||||||| ||und|| | ||
| 082 |
_a621.3 _bAMN |
||
| 100 |
_aAmna Mumtaz (00000328420) _9116708 |
||
| 245 | 0 | _aTechno-Economic Environmental and Social (TEES) Potential Assessment of Mega-Scale Grid-Connected Floating PV Power Plants in Five Climate Zones of Pakistan / | |
| 260 |
_aUSPCAS-E, NUST, _bIslamabad : _c2022 |
||
| 300 | _axiii, 69 p. | ||
| 520 | _aTH-377 | ||
| 650 | _aMS-EEP Thesis MS Thesis | ||
| 700 |
_aDr. Syed Ali Abbas Kazmi _9117439 |
||
| 942 |
_cTHE _2ddc |
||
| 999 |
_c602055 _d602055 |
||